000
00266nam a2200109Ia 4500
008
230907s9999||||xx |||||||||||||| ||und||
082
_a
621.31244
_b
SOL
245
0
_a
Solar photovoltaics :
260
_a
PHI Learning,
_b
Delhi :
_c
2018
300
_a
506 p.
942
_c
BK
999
_c
599225
_d
599225